000 00557nam a22001697a 4500
005 20250114134336.0
008 250113b |||||||| |||| 00| 0 eng d
020 _a9788119365340
082 _aDC 664 F739 2024
245 _aFood processing and preservation /
_bedited by Anton Kuris.
260 _aIndia :
_bDiscovery Publishing House,
_c©2024.
300 _av, 264 pages :
_bIllutrations ;
_c25 cm.
500 _aIncludes references and index.
650 0 _aFood industry and trade.
_964542
700 _aKuris, Anton.
_964451
_eeditor.
942 _2ddc
_cDC
999 _c23280
_d23280